Los recursos hidrobiológicos y pesqueros continentales en Colombia / (Registro nro. 7336)

Detalles MARC
000 -CABECERA
Campo de control 01284nam a22002897a 4500
005 - FECHA Y HORA DE LA ULTIMA TRANSACCION
Campo de control 20130704093122.0
008 - ELEMENTOS DE LONGITUD FIJA—INFORMACION GENERAL
Campo de control 110708s2010 ck a gr 00010 spa d
015 ## - NATIONAL BIBLIOGRAPHY NUMBER
National bibliography number ck-2010-xxxx
020 ## - ISBN
ISBN 9789588343488
041 0# - IDIOMA
Código de idioma para texto/pista de sonido o título separado Español
043 ## - GEOGRAPHIC AREA CODE
Geographic area code s-ck---
082 04 - NUMERO DE CLASIFICACION DECIMAL DEWEY
Número de clasificación 333.95
Número del ítem G98r
100 1# - ASIENTO PRINCIPAL--NOMBRE PERSONAL
Nombre personal Gutiérrez, Francisco de Paula.
245 14 - MENCION DE TITULO
Título Los recursos hidrobiológicos y pesqueros continentales en Colombia /
Mención de responsabilidad Francisco de Paula Gutiérrez.
260 ## - PUBLICACION, DISTRIBUCION, ETC. (PIE DE IMPRENTA)
Lugar de publicación, distribución, etc. Bogotá :
Nombre del editor, distribuidor, etc. Instituto Humboldt Colombia,
Fecha de publicación, distribución, etc. 2010.
300 ## - DESCRIPCION FISICA
Extensión 118 p. :
Otros detalles físicos il. ;
Dimensiones 28 cm.
504 ## - NOTA DE BIBLIOGRAFIA, ETC.
Nota de bibliografía Incluye bibliografía y lista de anexos
520 ## - NOTA DE RESUMEN, ETC.
Nota de resumen A partir del análisis del estado de los recursos hidrobiológicos con énfasis en los recursos pesqueros continentales, se identifican los procedimientos con los que se determina el aprovechamiento, sus soportes científicos y las propuestas de manejo.
650 #4 - ASIENTO SECUNDARIO DE MATERIA - TERMINO TEMATICO
Término temático o nombre geográfico como elemento de entrada Recursos pesqueros
Subdivisión geográfica Colombia.
650 #4 - ASIENTO SECUNDARIO DE MATERIA - TERMINO TEMATICO
Término temático o nombre geográfico como elemento de entrada Recursos acuáticos
Subdivisión geográfica Colombia.
650 #4 - ASIENTO SECUNDARIO DE MATERIA - TERMINO TEMATICO
Término temático o nombre geográfico como elemento de entrada Recursos pesqueros
Subdivisión general Investigaciones.
650 #4 - ASIENTO SECUNDARIO DE MATERIA - TERMINO TEMATICO
Término temático o nombre geográfico como elemento de entrada Recursos acuáticos
Subdivisión general Investigaciones.
856 ## - LOCALIZACION Y ACCESO ELECTRONICOS
Identificador Uniforme del Recurso http://www.humboldt.org.co/publicaciones/uploads/recursos_hidrobiologicos.pdf
942 ## - ELEMENTOS ADICIONALES (KOHA)
Sistema de clasificación Dewey Decimal Classification
Tipo de ítem
949 ## - LOCAL PROCESSING INFORMATION (OCLC)
a
Existencias
Withdrawn status Lost status Sistema de Clasificación Damaged status No para préstamo Colección Inventariado Ubicación Permanente Ubicación actual Fecha de adquisición Fuente de Valor Valor Total Checkouts Número topográfico Inventario / Código de Barras Date last seen Ejemplar Price effective from Forma de adquisición Tipo de material
    Dewey Decimal Classification     Humboldt Inventariado 2017 Bogotá Bogotá 04/07/2013 Instituto 39000.00   IAVH-333.95 G98r 028395 04/07/2013 Ej. 1 04/07/2013 Institucional Libro
    Dewey Decimal Classification     Humboldt Inventariado 2017 Bogotá Bogotá 04/07/2013 Instituto 39000.00   IAVH-333.95 G98r 028396 04/07/2013 Ej. 2 04/07/2013 Institucional Libro
    Local     Humboldt   Bogotá Bogotá 18/12/2013       MM-0089 059363 18/12/2013 Ej. 3 18/12/2013 Institucional CD-ROM
    Dewey Decimal Classification     Humboldt Inventariado 2017 Sala Fabio Quevedo Sala Fabio Quevedo 23/07/2014 Instituto 39000.00   IAVH-333.95 G98r 038173 23/07/2014 Ej. 4 23/07/2014 Institucional Libro
    Dewey Decimal Classification     Humboldt Inventariado 2017 Sala Fabio Quevedo Sala Fabio Quevedo 29/07/2014 Instituto 39000.00   IAVH-333.95 G98r 038212 29/07/2014 Ej.5 29/07/2014 Institucional Libro